01016nam a2200277 450000100040000000500170000400700040002100800040002501000170002902000280004604000190007405000230009308200180011624501020013426000330023630000320026950001570030150400510045865000260050965000580053565000270059365000390062070000400065970000210069970000180072000020250408145904.0000000 a 91015556  a027593666X (alk. paper) aUOELcDLCdDLC00aLB1060b.E544 199100a370.15/2322000aEnhancing learning and thinking /cedited by Robert F. Mulcahy, Robert H. Short, and Jac Andrews. aNew York :bPraeger,cc1991. ax, 291 p. :bill. ;c25 cm. a"The idea for this book emerged from a major international conference on thinking that took place at the University of Alberta, Edmonton, Canada"--Pref. aIncludes bibliographical references and index. 0aLearningxCongresses. 0aThought and thinkingxStudy and teachingxCongresses. 0aCognitionxCongresses. 0aCognition in childrenxCongresses.1 aMulcahy, R. F.q(Robert F.),d1941-1 aShort, Robert H.1 aAndrews, Jac.